000 00635nam a2200181Ia 4500
008 100921s9999 xx 000 0 und d
082 _b11210
_a891.463 थ 75
100 _aभावे पुरूषोत्तम भास्कर.
245 _aरखमाच्या मुली.
260 _bमेनका प्रकाशन,पुणे.
_c1975
300 _a108
_b---
365 _b6
520 _aललित-कादंबरी.
630 _aरखमाच्या मुली.
650 _aललित-कादंबरी.
730 _aरखमाच्या मुली.
942 _cBOOK
999 _c760323
_d760320